000 00551nam a2200181Ia 4500
005 20250508163439.0
008 008 250505s9999 xx 000 0 eng d
037 _aTextual
040 _aFEDL
_beng
_cFEDL
041 _aeng
_2eng
084 _a371.27, NCE
_qFEDL
100 _aSrivastava H S
_9773002
245 0 _aComprehensive evaluation in schools
260 _aNew Delhi, India
_bNational Council of Educational Research and Training
_c1989
300 _aviii,146p.
942 _cTEXL
_h371.27, NCE
999 _c1383294
_d1383294